000
00200 a2200097 4500
020
_a
9781580894449
041
_a
spa
100
_a
Anna McQuinn
245
_a
A Lola le encantan los cuentos
942
_c
BK
999
_c
14425
_d
14425